Sports Quiz

Random Sports or Automobiles Quiz

Find the Trans-Am Cars Quiz Stats

 Plays Quiz not verified by Sporcle

Score 0/12 Timer 03:00
0 Plays Today
% Correct
Boss 302 Mustang
91.5%
Audi 200 Quattro Trans-Am
89.5%
Alfa Romeo GTA
89.3%
Nissan 300ZX Turbo
89.3%
Chevrolet Corvette C6R
89%
Porsche 934
88.7%
Datsun 510
87.9%
Chevrolet Camaro Z28
79.7%
Panoz Esperante GTS
79.7%
Mercury Capri
79.1%
AMC Javelin
75.7%
Qvale Mangusta
75.1%

You're not logged in!

Compare scores with friends on all Sporcle quizzes.
OR
Log In

Sporcle TV

Today on Sporcle TV


Watch our educational content, quiz creation guides, and fun videos on Sporcle TV.

Show Comments

Extras

Top Quizzes Today


Score Distribution

Your Account Isn't Verified!

In order to create a playlist on Sporcle, you need to verify the email address you used during registration. Go to your Sporcle Settings to finish the process.

Report this User

Report this user for behavior that violates our Community Guidelines.

Details: